Statistiken für Giftpflanzen

Klicken Sie hier um das Quiz zu spielen!

Allgemein

  • Dieses Quiz wurde 22 mal gespielt
    (17 seit der letzten Aktualisierung)
  • Das Durchschnittsergebnis liegt bei 8 aus 20

Antwortstatistiken

Antwort% Korrekt
Maiglöckchen (Lily of the valley)
93%
Gartenbohne (Green Beans)
86%
Roter Fingerhut (Foxglove)
79%
Eibe (Taxus / Yew Tree)
64%
Goldregen (Golden Chain Tree)
64%
Herbstzeitlose (Autumn Crocus)
64%
Stechpalme (Holly / Ilex)
57%
Grüner Knollenblätterpilz (Death Cap)
50%
Schwarze Tollkirsche (Belladonna / Deadly Nightshade)
50%
Grüne Kartoffeln (Green Potatoes)
43%
Blauer Eisenhut (Wolf's Bane)
36%
Engelstrompete (Angel's Trumpet)
36%
Aronstab (Cuckoo-pint / Arum)
29%
Christrose (Helleborus niger)
29%
Pfaffenhütchen / Gewöhnlicher Spindelstrauch (Spindle)
29%
Einbeere (Paris / True Lover's Knot)
7%
Gefleckter Schierling (Hemlock)
7%
Robinie (Robinia / Black Locust)
7%
Schwarzes Bilsenkraut (Black Henbane)
7%
Gewöhnliche Brechnuss (Strychnine Tree / Strychnos Nux Vomica)
0%

Verteilung der Resultate

Perzentil nach korrekt beantworteten Fragen

Anzahl Personen mit jedem Resultat

Ihre Resultats-Entwicklung

Sie haben dieses Quiz seit der letzten Aktualisierung nicht gespielt